Options for reforming the spanish tax system
Na minha lista:
| Autor principal: | |
|---|---|
| Outros Autores: | |
| Formato: | Livro |
| Idioma: | inglês |
| Publicado em: |
Paris
OECD
2000
|
| Colecção: | Economics department working papers
No. 249 |
| Assuntos: | |
| Tags: |
Sem tags, seja o primeiro a adicionar uma tag!
|
MARC
| LEADER | 00000nam a2200000 4500 | ||
|---|---|---|---|
| 001 | c122535 | ||
| 005 | 20221221084540.0 | ||
| 041 | 0 | |a eng | |
| 044 | |a FR | ||
| 245 | 1 | 0 | |a Options for reforming the spanish tax system |c by Isabelle Joumard and Aristomene Varoudakis |
| 264 | 1 | |a Paris |b OECD |c 2000 | |
| 300 | |a 63 s. | ||
| 490 | 1 | |a Economics department working papers |v No. 249 | |
| 830 | 0 | |a Economics department working papers |v No. 249 | |
| 610 | 2 | 0 | |a dane |
| 610 | 2 | 0 | |a politika daňová |
| 610 | 2 | 0 | |a systémy daňové |
| 610 | 2 | 0 | |a reformy daňové |
| 610 | 2 | 0 | |a Španielsko |
| 100 | 1 | |a Joumard, Isabelle | |
| 700 | 1 | |a Varoudakis, Aristomene | |